De Coelesti Conversatione In Terris A Religioso Viro Instituenda. Seu Piarum Operationum Praxis Quotidiana, In Diarii Oeconomia Rite Disposita (Record no. 8275)

MARC details
000 -CABECERA
campo de control de longitud fija 00760nam a2200229 a 4500
001 - NÚMERO DE CONTROL
campo de control BRCA_8614
003 - IDENTIFICADOR DEL NÚMERO DE CONTROL
campo de control FranzMayer
005 - FECHA Y HORA DE LA ÚLTIMA TRANSACCIÓN
campo de control 20230724113422.0
008 - DATOS DE LONGITUD FIJA--INFORMACIÓN GENERAL
campo de control de longitud fija 260916s1760----ag-#######---#000-0#lat-#
040 ## - FUENTE DE LA CATALOGACIÓN
Centro catalogador/agencia de origen MFM
Lengua de catalogación spa
Centro/agencia transcriptor MFM
041 ## - CÓDIGO DE LENGUA
Código de lengua del texto/banda sonora o título independiente lat
084 ## - OTRO NÚMERO DE CLASIFICACIÓN
Número de clasificación BE29
Número de documento/Ítem .N38 1760
100 1# - ENTRADA PRINCIPAL--NOMBRE DE PERSONA
Nombre de persona Natali, Antonio
9 (RLIN) 21527
245 10 - MENCIÓN DE TÍTULO
Título De Coelesti Conversatione In Terris A Religioso Viro Instituenda. Seu Piarum Operationum Praxis Quotidiana, In Diarii Oeconomia Rite Disposita
Mención de responsabilidad, etc. Antonio Natali.
260 ## - PUBLICACIÓN, DISTRIBUCIÓN, ETC.
Lugar de publicación, distribución, etc. Neapoli
Nombre del editor, distribuidor, etc. Josephi Raymundi
Fecha de publicación, distribución, etc. 1760
300 ## - DESCRIPCIÓN FÍSICA
Extensión 346 p.
Dimensiones 19 x 12 cm.
500 ## - NOTA GENERAL
Nota general Estado físico : presenta ataque de insectos y manchas en las hojas
546 ## - NOTA DE LENGUA/LENGUAJE
Nota de lengua/lenguaje Texto en : latín
650 14 - PUNTO DE ACCESO ADICIONAL DE MATERIA--TÉRMINO DE MATERIA
Término de materia o nombre geográfico como elemento de entrada Vida religiosa
9 (RLIN) 21528
902 ## - CATALOGADOR
Iniciales CFM
942 ## - ELEMENTOS DE PUNTO DE ACCESO ADICIONAL (KOHA)
Fuente del sistema de clasificación o colocación Library of Congress Classification
Tipo de ítem Koha Libros
Holdings
Estado de retiro Estado de pérdida Fuente del sistema de clasificación o colocación Estado dañado No para préstamo Código de colección Localización permanente Ubicación/localización actual Fecha de adquisición Fuente de adquisición Total de préstamos Signatura topográfica completa Código de barras Fecha visto por última vez Precio válido a partir de Tipo de ítem Koha
El ejemplar forma parte de la colección y puede ser consultado según las políticas vigentes.   Library of Congress Classification     Conventual Franz Mayer Biblioteca del Museo Franz Mayer (Rogerio Casas-Alatriste) Biblioteca del Museo Franz Mayer (Rogerio Casas-Alatriste) 08/09/2016 Donación   BE29 .N38 1760 CFM00026 22/03/2019 22/03/2019 Libros